| 000 | 00606nam a2200229Ia 4500 | ||
|---|---|---|---|
| 003 | OSt | ||
| 005 | 20220928102628.0 | ||
| 006 | a|||||r|||| 00| 0 | ||
| 007 | ta | ||
| 008 | 220927b |||||||| |||| 00| 0 eng d | ||
| 024 | _a95223 | ||
| 037 | _cTextual | ||
| 040 |
_aSDCL _cSDCL _beng |
||
| 041 |
_2eng _aeng |
||
| 082 | _aO152,3N3692,1, P4 | ||
| 100 |
_aSingh Kashi Nath _9393688 |
||
| 245 | 0 | _aKashi ka assi. | |
| 260 |
_aNew Delhi _bRaj Kamal Prakashan _c2004 |
||
| 300 |
_a171p _ccm. |
||
| 942 |
_hO152,3N3692,1, P4 _cTEXL _2CC |
||
| 999 |
_c715339 _d715339 |
||